00651nam a2200241 a 4500001001300000003000900013005001700022008004100039020000800080082001300088100001900101245002500120260003800145300000800183500003500191505001000226650001700236700001900253902000800272942000700280952010900287999001300396nice12345678IN_TiNIC20260116011351.0050524s1961 lona grp 000 0 eng  ac000a232bNEI aNeill, Stephen aWho Is Jesus Christ. aLondon bLutterworth Press c1961 a95p aincludes index and biblioraphy2 aindex aJesus Christ1 aNeill, Stephen bSRS cBK 001040708StackRoom-aHMIbHMId2005-05-24g0.00l0o232 NEIp02519r2005-05-24v0.00w2005-05-24yBK c900d900